000 00512nam a2200181Ia 4500
003 GCL
008 140319s9999 xx 000 0 eng d
040 _aGCL /
_cGCL
082 0 4 _a152.4
_bW P
100 1 _aWILSON, GLENN D.
245 1 0 _aPSYCHOLOGY FOR PERFORMING ARTISTIS BUTTERFLIES AND BOUGUETS /
_cWILSON, GLENN D.
700 1 _aWILSON, GOLDER
260 _a[S.N] :
_bJESSICA KINGSLEY PUBLISHERS ،
_c1994
300 _a247 P
650 0 4 _aPSYCHOLOGICAL ASPECTS
650 0 4 _aTHEATER
942 _2ddc
_cBK
999 _c23498
_d23498